Japan's economy in 1980 in the global content : The nation's role in a polycentric world

Uloženo v:
Podrobná bibliografie
Médium: Kniha
Jazyk:Undetermined
Vydáno: Tokyo The Japan Economic Research Center 1977
Témata:
Tagy: Přidat tag
Žádné tagy, Buďte první, kdo otaguje tento záznam!
Thư viện lưu trữ: Trung tâm Học liệu Trường Đại học Cần Thơ
LEADER 00489nam a2200169Ia 4500
001 CTU_79650
008 210402s9999 xx 000 0 und d
082 |a 330 
082 |b J.35 
245 0 |a Japan's economy in 1980 in the global content : 
245 4 |b The nation's role in a polycentric world 
260 |a Tokyo 
260 |b The Japan Economic Research Center 
260 |c 1977 
650 |a Economics 
650 |z Japan 
980 |a Trung tâm Học liệu Trường Đại học Cần Thơ